Grenlandia czy Islandia? - Statystyki

Ogólne statystyki
  • Ten quiz został rozwiązany 4 995 razy
    4 993 od ostatniego zresetowania
  • Średni wynik to 11 z 15
Statystyki odpowiedzi
Zagadnienie Odpowiedź % Poprawnych
Ma większą powierzchnię Grenlandia
99%
Jest częścią Królestwa Danii Grenlandia
97%
Ma większą populację Islandia
94%
Jest wyspą Oba
94%
Nie posiada dróg pomiędzy miastami Grenlandia
89%
Na jej fladze znajduje się czerwony, biały oraz niebieski Islandia
87%
W 1968 roku rozbił się tam bombowiec B-52 wyposażony w broń nuklearną Grenlandia
83%
Ma więcej niż 20 aktywnych wulkanów Islandia
81%
Większość jej terytorium znajduje się na kole podbiegunowym Grenlandia
71%
Posiada lodowce na swoim terytorium Oba
68%
Na jej powierzchni naturalnie znajdują się niedźwiedzie Grenlandia
64%
Jest członkiem Organizacji Narodów Zjednoczonych Islandia
60%
Jej największym eksportem są ryby Oba
49%
Była niezamieszkana zanim pojawili się Wikingowie Islandia
33%
Słowo "kajak" pochodzi z jej języka Grenlandia
30%
Nie znaleziono quizów pasujących do podanych kryteriów
Rozkład punktacji
Procent ludzi z każdym wynikiem
Percentyl według liczby udzielonych odpowiedzi
Twoja historia wyników
Nie rozwiązałeś tego quizu od ostatniego zresetowania